Liedtext - Traum - Cro - Statistiken

Allgemein
  • Dieses Quiz wurde 1.174 mal gespielt
  • Das Durchschnittsergebnis liegt bei 367 aus 508
Antwortstatistiken
Textquiz % Korrekt
Ich
97%
ich
97%
von
92%
Du
91%
du
91%
träum'
91%
Und
89%
und
89%
Dir
88%
dir
88%
es
87%
da
86%
nur
85%
So
85%
so
85%
Baby
84%
bei
84%
sie
84%
das
83%
man
83%
Man
83%
mich
83%
alle
82%
Dich
82%
dich
82%
wenn
81%
hab
80%
mein
80%
wie
80%
Denn
79%
denn
79%
gibt
79%
manchmal
79%
mir
79%
dass
78%
der
78%
meine
78%
ist
77%
nicht
77%
wär
77%
wir
77%
gern
76%
ob
76%
sag
76%
an
75%
muss
75%
bin
74%
Doch
74%
doch
74%
allein
73%
Bitte
73%
bitte
73%
hier
73%
Komm
73%
Komm'
73%
Weiß
72%
bist
71%
in
71%
was
71%
heut
70%
Sieh
70%
weg
70%
gehe
69%
schon
69%
schrei
69%
Die
68%
die
68%
Ey
68%
ey
68%
kein'
68%
kein
68%
tun
68%
gehen
67%
Hand
67%
nimm'
67%
auf
66%
Plan
66%
verliebt
66%
alles
65%
beide
65%
fühl
65%
gehörst
65%
hörst
65%
seh'
65%
egal
64%
hört
64%
jede
64%
Jet
64%
wieder
64%
gepackt
63%
glaub
63%
laut
63%
nie
63%
schreib
63%
sein
63%
alleine
61%
siehst
61%
vielleicht
61%
denkt
60%
Girls
60%
hoff'
60%
wären
60%
immer
59%
noch
59%
getankt
58%
Aha
57%
anderen
57%
cool
57%
fänd
57%
Menge
57%
musst
57%
Boom
56%
Geld
56%
wunderschön
56%
Bank
55%
eine
55%
gefährlich
55%
Macht
55%
Plätze
55%
viele
54%
irgendwo
53%
Tick
53%
Yeah
53%
einsam
52%
klug
51%
zu
51%
Dynamite
49%
Hey
49%
find
48%
für
48%
grade
48%
rum'
48%
sieht
48%
Straße
47%
frag
46%
mal
46%
stimmt
46%
denen
45%
sage
45%
Sprache
45%
trifft
45%
sprichst
44%
überhaupt
44%
Lied
43%
Aber
42%
einfach
42%
irgendwann
42%
jo
42%
los
42%
sondern
42%
behaupten
41%
jedes
41%
wärn
41%
Bett
40%
suchen
40%
darf
39%
Dann
38%
groß
38%
kann
38%
Nacht
37%
lässt
36%
fahr
34%
gerne
34%
schrieb
34%
denken
33%
echt
33%
geschieht
32%
meiner
32%
gleich
31%
ins
31%
penn'
31%
Seite
29%
warte
29%
bereit
28%
direkt
28%
draußen
28%
hätt'
28%
Tag
26%
lange
25%
Jeden
23%
Deshalb
21%
bemerke
20%
unterwegs
20%
kurz
19%
Keine übereinstimmenden Quizze gefunden
Verteilung der Resultate
Anzahl Personen mit jedem Resultat
Perzentil nach korrekt beantworteten Fragen
Ihre Resultats-Entwicklung
Sie haben dieses Quiz noch nicht gespielt